000 00604nam a22002297a 4500
003 UA-OsUOA
001 49301
007 ta
008 20070927b un ||||| |||| 00| 0 ukr d
100 _aДеркач Б.
090 _a82.09
_bД36
942 _cBK
040 _aUA-OsUOA
_bukr
_cUA-OsUOA
_dUA-OsUOA
245 _aУкраїнська перекладна повість 17-18 століть
300 _a146 с.
955 _a1
041 _aukr
080 _a82.09
260 _aК.
_c1960
650 7 _a82 Література. Літературознавство
_2UDC
999 _c335409
_d335409